Κατάλογος Βιβλιοθηκών Mediterranean College

Γη, Ένας Μικρός και Εύθραυστος Πλανήτης (Record no. 4360)

MARC details
000 -LEADER
fixed length control field 01445cam a22001934a 4500
005 - ΗΜΕΡΟΜΗΝΙΑ ΚΑΙ ΩΡΑ ΤΕΛΕΥΤΑΙΑΣ ΕΝΗΜΕΡΩΣΗΣ
Πεδίο ελέγχου 20250605164144.0
008 - FIXED-LENGTH DATA ELEMENTS--GENERAL INFORMATION
Πεδίο ελέγχου σταθερού μήκους 250528s ||||||||||||||||||||||||d
035 ## - SYSTEM CONTROL NUMBER
System control number 19077
020 ## - ISBN
ISBN 960010641
040 ## - ΠΗΓΗ ΚΑΤΑΛΟΓΟΓΡΑΦΗΣΗΣ
Φορέας πρωτότυπης καταλογογράφησης MC Athens Campus Library
Γλώσσα καταλογογράφησης Ελληνικά, Μοντέρνα (1453-)
Modifying agency MC Athens Campus Library
Κανόνες περιγραφικής καταλογογράφησης AACR2
245 1# - ΤΙΤΛΟΣ ΚΑΙ ΔΗΛΩΣΗ ΥΠΕΥΘΥΝΟΤΗΤΑΣ
Τίτλος Γη, Ένας Μικρός και Εύθραυστος Πλανήτης
260 ## - PUBLICATION, DISTRIBUTION, ETC.
Name of publisher, distributor, etc. Gutenberg,
Date of publication, distribution, etc. 1998
300 ## - PHYSICAL DESCRIPTION
Extent 600
520 ## - SUMMARY, ETC.
Summary, etc. Το βιβλίο αυτό είναι ένα πολύ σημαντικό ''εργαλείο'' γι'αυτούς που θέλουν να έχουν μια συνολική άποψη για τα περιβαλλοντικά προβλήματα του σήμερα. Πρόλογος, Εισαγωγή, Τα Φυσικά Οικοσυστήματα, Ο Υπερπληθυσμός, Οι Φυσικοί Πόροι, Ορυκτά Καύσιμα και Ενέργεια και Ορυκτές Πρώτες Ύλες, Τα Δάση και οι Υγρότοποι, Η Άγρια Ζωή, Το Νερό, Το Έδαφος, Η Τροφή και η Παραγωγή της, Η Ρύπανση, Η Ατμόσφαιρα, Η Υδρόσφαιρα, Τα Στερεά Απόβλητα, Η Ηχορύπανση, Βιβλιογραφία, Ευρετήριο Ελληνικών Όρων - Ξενικών Όρων - Πινάκων - Σχημάτων.
700 1# - ΠΡΟΣΘΕΤΗ ΑΝΑΓΡΑΦΗ--ΦΥΣΙΚΟ ΠΡΟΣΩΠΟ
Personal name Γεωργόπουλος Αλεξάνδρος
9 (RLIN) 5337
942 ## - ADDED ENTRY ELEMENTS (KOHA)
Koha item type Books
Holdings
Τύπος τεκμηρίου Βιβλιοθήκη Τρέχουσα τοποθεσία Barcode Αριθμός εισαγωγής Ημερομηνία απόκτησης Ταξιθετικό σύμβολο Αριθμός αντιτύπου Κατάσταση απόσυρσης Κατάσταση χαμένου Κατάσταση κατεστραμμένου Μη δανεισμός Σύνολο δανεισμών Ημερομηνία τελευταίας εμφάνισης Η τιμή ισχύει από
Books MC Athens Campus Library MC Athens Campus Library 9780000043597 4015 05/06/2025 550 GEO 1           05/06/2025 05/06/2025

MC Athens Campus Library
Πατησίων 94 & Κοδριγκτώνος 13, 104 34
Πελλήνης 8 & Πατησίων 107, 112 51
Τ: +30 210 8899600

MC Thessaloniki Campus Library
Ίωνος Δραγούμη 21, 54625 | Ίωνος Δραγούμη 15, 54625
Τ: +30 2310 287779 – Τ: +30 2314 440300